000 00510nam a2200169 i 4500
001 60410
003 ES-MaACL
005 20250325091442.0
007 t|
008 031104s1968 sp ||||1| spa d
100 0 _aJosemaría Escrivá de Balaguer,
_cSanto
_966981
245 1 0 _aConversaciones con Mons /
_cEscrivá de Balaguer.
260 _aMadrid :
_bRialp,
_c[1968]
300 _a181 p., 1 lám. :
_bret. aut. ;
_c24 cm.
852 _aES-MaACL
_jC-34929
_bR.67478
999 _c60410
_d60410